United States Navy Warships - WW2 - Statistics

General Stats
  • This quiz has been taken 113 times
  • The average score is 80 of 245
Answer Stats
Description Answer % Correct
Fast Battleship, Lead Ship, 1943 USS Iowa
93%
Fast Battleship, 1943 USS New Jersey
89%
Super Dreadnought, 1916 USS Arizona
88%
Super Dreadnought, 1914 USS Texas
86%
Fast Battleship,1944 USS Missouri
85%
Fleet Carrier, 1943 USS Yorktown (CV-10)
85%
Fleet Carrier, Lead Ship, 1937 USS Yorktown (CV-5)
85%
Fleet Carrier, 1943 USS Lexington (CV-16)
84%
Fleet Carrier, Lead Ship, 1927 USS Lexington (CV-2)
84%
Super Dreadnought, Lead Ship,1914 USS New York
84%
Fast Battleship, 1941 USS Washington
84%
Fleet Carrier, 1938 USS Enterprise
83%
Fast Battleship, Lead Ship, 1941 USS North Carolina
81%
Fast Battleship, 1944 USS Wisconsin
81%
Fleet Carrier, 1943 USS Hornet (CV-12)
80%
Fleet Carrier, 1941 USS Hornet (CV-8)
80%
Fast Battleship, Lead Ship,1942 USS South Dakota
80%
Super Dreadnought, 1921 USS California
78%
Fast Battleship, 1942 USS Indiana
78%
Large Cruiser, Lead Ship, 1944 USS Alaska
76%
Super Dreadnought, Lead Ship, 1916 USS Nevada
76%
Heavy Cruiser, Lead Ship, 1943 USS Baltimore
74%
Super Dreadnought, Lead Ship, 1923 USS Colorado
74%
Super Dreadnought, 1923 USS West Virginia
73%
Light Cruiser, 1944 USS Atlanta (CL-104)
70%
Light Cruiser, Lead Ship, 1941 USS Atlanta (CL-51)
70%
Fleet Carrier, Lead Ship, 1942 USS Essex
70%
Fast Battleship, 1942 USS Alabama
69%
Super Dreadnought, 1921 USS Maryland
69%
Super Dreadnought, Lead Ship, 1918 USS New Mexico
69%
Super Dreadnought, 1916 USS Oklahoma
68%
Fleet Carrier, 1927 USS Saratoga
68%
Super Dreadnought, Lead Ship, 1920 USS Tennessee
68%
Dreadnought, Lead Ship, 1912 USS Wyoming
68%
Super Dreadnought, Lead Ship, 1916 USS Pennsylvania
66%
Light Cruiser, Lead Ship, 1942 USS Cleveland
65%
Fleet Carrier, 1943 USS Wasp (CV-18)
64%
Fleet Carrier, Unique, 1940 USS Wasp (CV-7)
64%
Heavy Cruiser, 1932 USS Indianapolis
63%
Heavy Cruiser, Lead Ship, 1933 USS New Orleans
63%
Light Cruiser, Lead Ship, 1923 USS Omaha
63%
Heavy Cruiser, 1934 USS San Francisco
63%
Escort Carrier, 1943 USS St. Lo
61%
Super Dreadnought, 1917 USS Mississippi
60%
Light Cruiser, 1942 USS San Diego
59%
Destroyer, Lead Ship, 1942 USS Fletcher
58%
Fast Battleship, 1942 USS Massachusetts
56%
Heavy Cruiser, Lead Ship, 1933 USS Portland
56%
Dreadnought, 1912 USS Arkansas
55%
Dreadnought, 1911 (Lead ship of class already decommissioned) USS Utah
55%
Heavy Cruiser, 1945 USS Chicago (CA-136)
54%
Heavy Cruiser, 1931 USS Chicago (CA-29)
54%
Super Dreadnought, 1919 USS Idaho
54%
Fleet Carrier, Lead Ship, 1945 USS Midway
54%
Light Cruiser, 1938 USS Phoenix
54%
Light Cruiser, 1939 USS St. Louis
54%
Heavy Cruiser, 1930 USS Houston (CA-30)
53%
Light Cruiser, 1943 USS Houston (CL-81)
53%
Seaplane Carrier, Unique, 1913 USS Langley (CV-1)
53%
Light Aircraft Carrier, 1943 USS Langley (CVL-27)
53%
Fleet Carrier, 1943 USS Bunker Hill
50%
Fleet Carrier, Unique, 1934 USS Ranger
50%
Large Cruiser, 1944 USS Guam
49%
Heavy Cruiser, 1945 USS Helena (CA-75)
49%
Light Cruiser, 1939 USS Helena (CL-50)
49%
Destroyer, Lead Ship, 1940 USS Benson
48%
Light Cruiser, 1938 USS Honolulu
48%
Heavy Cruiser, 1929 USS Salt Lake City
48%
Light Cruiser, 1938 USS Boise
46%
Light Cruiser, 1942 USS Denver
46%
Fleet Carrier, 1944 USS Franklin
46%
Light Cruiser, 1943 USS Miami
46%
Heavy Cruiser, 1943 USS Boston
45%
Heavy Cruiser, 1934 USS Minneapolis
45%
Armoured Cruiser, 1906 (Lead ship of class already decommissioned) USS Seattle
45%
Heavy Cruiser, Lead Ship, 1930 USS Pensacola
44%
Fleet Carrier, 1943 USS Intrepid
43%
Heavy Cruiser, Lead Ship, 1930 USS Northampton
43%
Light Cruiser, 1924 USS Raleigh
43%
Fleet Carrier, 1944 USS Ticonderoga
43%
Light Cruiser, 1943 USS Birmingham
41%
Light Cruiser, 1942 USS Juneau
41%
Escort Carrier, 1944 USS Roi
41%
Escort Carrier, Lead Ship, 1942 USS Bogue
40%
Light Cruiser, Lead Ship, 1937 USS Brooklyn
40%
Heavy Cruiser, 1945 USS Los Angeles
40%
Light Cruiser, 1942 USS Columbia
39%
Destroyer, Lead Ship, 1945 USS Gearing
39%
Destroyer, Lead Ship, 1936 USS Mahan
39%
Heavy Cruiser, 1944 USS Pittsburgh
39%
Heavy Cruiser, 1930 USS Chester
36%
Light Cruiser, 1925 USS Memphis
36%
Light Cruiser, 1937 USS Philadelphia
36%
Destroyer, Lead Ship, 1934 USS Farragut
35%
Light Cruiser, 1938 USS Nashville
35%
Escort Carrier, Lead Ship, 1943 USS Casablanca
34%
Light Cruiser, 1923 USS Concord
34%
Light Cruiser, 1923 USS Richmond
34%
Destroyer, Lead Ship, 1944 USS Allen M. Sumner
33%
Escort Carrier, Lead Ship, 1941 (Second/Last ship in class would go serve in RN) USS Long Island
33%
Light Cruiser, 1924 USS Marblehead
33%
Light Cruiser, 1943 USS Reno
33%
Light Cruiser, 1942 USS San Juan
33%
Heavy Cruiser, Unique, 1939 USS Wichita
33%
Destroyer, Lead Ship, 1919 USS Clemson
31%
Escort Carrier, 1943 USS Coral Sea
31%
Heavy Cruiser, 1945 USS Columbus
30%
Light Cruiser, 1942 USS Montpelier
30%
Light Cruiser, 1943 USS Oakland
30%
Light Cruiser, 1942 USS Santa Fe
30%
Light Cruiser, 1944 USS Springfield
30%
Destroyer, Lead Ship, 1918 USS Wickes
30%
Light Cruiser, 1943 USS Mobile
29%
Light Cruiser, 1944 USS Oklahoma City
29%
Light Aircraft Carrier, 1943 USS Princeton
29%
Heavy Cruiser, 1936 USS Quincy (CA-39)
29%
Heavy Cruiser, 1943 USS Quincy (CA-71)
29%
Fleet Carrier, 1944 USS Bon Homme Richard
28%
Light Cruiser, 1924 USS Cincinnati
28%
Fleet Carrier, 1944 USS Shangri-La
28%
Destroyer, Lead Ship, 1939 USS Sims
28%
Light Cruiser, 1945 USS Tucson
28%
Heavy Cruiser, 1931 USS Augusta
26%
Light Cruiser, 1945 USS Little Rock
26%
Heavy Cruiser, 1931 USS Louisville
26%
Escort Carrier, 1943 USS Gambier Bay
25%
Light Cruiser, 1923 USS Milwaukee
25%
Light Aircraft Carrier, 1943 USS San Jacinto
25%
Heavy Cruiser, 1934 USS Astoria (CA-34)
24%
Light Cruiser, 1944 USS Astoria (CL-90)
24%
Heavy Cruiser, 1945 USS Bremerton
24%
Light Cruiser, 1944 USS Topeka
24%
Light Cruiser, 1924 USS Trenton
24%
Fleet Carrier, 1945 USS Boxer
23%
Light Cruiser, 1945 USS Dayton
23%
Light Cruiser, 1944 USS Flint
23%
Destroyer, Lead Ship, 1937 USS Somers
23%
Heavy Cruiser, 1934 USS Tuscaloosa
23%
Heavy Cruiser, 1937 USS Vincennes (CA-44)
23%
Light Cruiser, 1944 USS Vincennes (CL-64)
23%
Heavy Cruiser, 1943 USS Canberra
21%
Light Aircraft Carrier, 1943 USS Bataan
20%
Escort Carrier, 1944 USS Bismarck Sea
20%
Fleet Carrier, 1944 USS Hancock
20%
Destroyer, Lead Ship, 1936 USS Porter
20%
Light Cruiser, 1945 USS Providence
20%
Light Cruiser, 1938 USS Savannah
20%
Destroyer, Lead Ship, 1939 USS Benham
19%
Fleet Carrier, 1944 USS Bennington
19%
Light Cruiser, 1923 USS Detroit
19%
Escort Carrier, 1943 USS Guadalcanal
19%
Light Cruiser, 1945 USS Portsmouth
19%
Training Aircraft Carrier, Unique, 1942 USS Wolverine
19%
Light Cruiser, 1943 USS Biloxi
18%
Destroyer, Lead Ship, 1937 USS Gridley
18%
Light Aircraft Carrier, 1943 USS Monterey
18%
Heavy Cruiser, 1945 USS Saint Paul
18%
Light Cruiser, 1944 USS Vicksburg
18%
Light Cruiser, 1945 USS Amsterdam
16%
Fleet Carrier, 1945 USS Antietam
16%
Light Cruiser, 1944 USS Pasadena
16%
Escort Carrier, 1943 USS Wake Island
16%
Destroyer, Lead Ship, 1937 USS Bagley
15%
Light Aircraft Carrier, 1943 USS Cowpens
15%
Light Cruiser, 1944 USS Duluth
15%
Fleet Carrier, 1945 USS Franklin D. Roosevelt
15%
Destroyer, Lead Ship, 1940 USS Gleaves
15%
Light Aircraft Carrier, 1943 USS Belleau Wood
14%
Light Aircraft Carrier, 1943 USS Cabot
14%
Destroyer, Lead Ship, 1942 USS Caldwell
14%
Fleet Carrier, 1944 USS Randolph
14%
Escort Carrier, 1943 USS White Plains
14%
Escort Carrier, 1942 USS Card
13%
Escort Carrier, 1943 USS Manila Bay
13%
Training Aircraft Carrier, Unique, 1943 USS Sable
13%
Escort Carrier, 1943 USS Tulagi
13%
Escort Carrier, Lead Ship, 1944 USS Commencement Bay
11%
Escort Carrier, 1944 USS Makin Island
11%
Escort Carrier, 1942 USS Nassau
11%
Escort Carrier, Lead Ship, 1942 USS Sangamon
11%
Escort Carrier, 1944 USS Bougainville
10%
Escort Carrier, 1943 USS Fanshaw Bay
10%
Escort Carrier, 1943 USS Kalinin Bay
10%
Fleet Carrier, 1945 USS Lake Champlain
10%
Escort Carrier, 1943 USS Tripoli
10%
Light Cruiser, 1944 USS Wilkes-Barre
10%
Escort Carrier, 1944 USS Attu
9%
Escort Carrier, 1943 USS Barnes
9%
Escort Carrier, 1942 (Lead Ship in the Royal Navy) USS Charger
9%
Escort Carrier, 1942 USS Core
9%
Escort Carrier, 1942 USS Santee
9%
Escort Carrier, 1942 USS Suwannee
9%
Escort Carrier, 1944 USS Admiralty Islands
8%
Escort Carrier, 1944 USS Block Island (CVE-106)
8%
Escort Carrier, 1943 USS Block Island (CVE-21)
8%
Escort Carrier, 1943 USS Breton
8%
Escort Carrier, 1944 USS Cape Esperance
8%
Escort Carrier, 1942 USS Chenango
8%
Escort Carrier, 1942 USS Copahee
8%
Escort Carrier, 1943 USS Corregidor
8%
Escort Carrier, 1943 USS Croatan
8%
Escort Carrier, 1944 USS Hollandia
8%
Escort Carrier, 1943 USS Kitkun Bay
8%
Escort Carrier, 1944 USS Ommaney Bay
8%
Escort Carrier, 1944 USS Petrof Bay
8%
Escort Carrier, 1943 USS Prince William
8%
Destroyer, Lead Ship, 1944 USS Robert H. Smith
8%
Escort Carrier, 1944 USS Salamaua
8%
Escort Carrier, 1944 USS Savo Island
8%
Escort Carrier, 1943 USS Solomons
8%
Escort Carrier, 1942 USS Altamaha
6%
Escort Carrier, 1944 USS Hoggatt Bay
6%
Light Aircraft Carrier, Lead Ship, 1943 USS Indipendence
6%
Escort Carrier, 1944 USS Kadashan Bay
6%
Escort Carrier, 1945 USS Kula Gulf
6%
Escort Carrier, 1944 USS Kwajalein
6%
Escort Carrier, 1943 USS Liscome Bay
6%
Escort Carrier, 1944 USS Marcus Island
6%
Escort Carrier, 1944 USS Matanikau
6%
Escort Carrier, 1944 USS Munda
6%
Escort Carrier, 1943 USS Natoma Bay
6%
Escort Carrier, 1944 USS Nehenta Bay
6%
Escort Carrier, 1944 USS Saginaw Bay
6%
Escort Carrier, 1945 USS Salerno Bay
6%
Escort Carrier, 1944 USS Sargent Bay
6%
Escort Carrier, 1944 USS Shamrock Bay
6%
Escort Carrier, 1944 USS Sitkoh Bay
6%
Escort Carrier, 1944 USS Steamer Bay
6%
Escort Carrier, 1944 USS Windham Bay
6%
Escort Carrier, 1945 USS Cape Gloucester
5%
Heavy Cruiser, 1945 USS Fall River
5%
Escort Carrier, 1945 USS Gilbert Islands
5%
Escort Carrier, 1943 USS Kasaan Bay
5%
Escort Carrier, 1944 USS Lunga Point
5%
Heavy Cruiser, 1945 USS Macon
5%
Escort Carrier, 1944 USS Makassar Strait
5%
Escort Carrier, 1945 USS Puget Sound
5%
Escort Carrier, 1944 USS Rudyerd Bay
5%
Escort Carrier, 1944 USS Shipley Bay
5%
Escort Carrier, 1945 USS Siboney
5%
Escort Carrier, 1944 USS Takanis Bay
5%
Escort Carrier, 1944 USS Thetis Bay
5%
Escort Carrier, 1945 USS Vella Gulf
5%
Escort Carrier, 1945 USS Bairoko
4%
Escort Carrier, 1943 USS Mission Bay
1%
No matching quizzes found
Score Distribution
Percent of People with Each Score
Percentile by Number Answered
Your Score History
You have not taken this quiz